[Event "XX Sants Open 2018"]
[Site "Cotxeres de Sants"]
[Date "2018.08.26"]
[Round "14"]
[White "Illescas Cordoba, Miguel"]
[Black "Nisipeanu, Liviu Dieter"]
[Result "1/2-1/2"]
[WhiteElo "2605"]
[BlackElo "2657"]
[Annotator "TA"]
[PlyCount "65"]
[EventDate "2018.08.17"]
[EventType "swiss"]
[EventCountry "ESP"]
[SourceTitle "playchess.com"]
[Source "ChessBase"]
[SourceQuality "1"]

{[%evp 12,65,12,0,-3,-9,-7,-24,-6,-35,-27,-22,-36,0,16,12,17,0,0,0,0,-5,0,0,0,0,0,0,0,0,0,0,0,0,0,0,0,0,0,0,0,0,0,0,0,0,0,0,0,0,0,0,0,0,0,0]} 1. Nf3 d5 2. e3 Nf6 3. c4 e6 4. b3 Be7 5. Bb2 O-O 6. d4 c5 {A13: English Opening: 1...e6} 7. cxd5 {LiveBook: 7 Games} (7. Bd3 cxd4 8. exd4 b6 9. O-O Nc6 10. Nbd2 Bb7 11. Rc1 Rc8 12. Qe2 Re8 13. Rfe1 Bf8 14. h3 g6 15. Qe3 Bg7 16. a3 Nd7 17. cxd5 exd5 18. Qxe8+ Qxe8 19. Rxe8+ Rxe8 20. b4 Nf8 21. Ne5 Rc8 22. Nxc6 {½-½ (22) Sargissian,G (2672)-Anand,V (2782) Riadh 2017}) 7... cxd4 8. dxe6 $146 ({Predecessor:} 8. Nxd4 Bb4+ 9. Bc3 Nxd5 10. Bxb4 Nxb4 11. a3 N4c6 12. Nf3 Qxd1+ 13. Kxd1 Rd8+ 14. Nbd2 {½-½ (41) Ovod,E (2338)-Kashlinskaya,A (2467) Kolomna 2016}) 8... Bb4+ ({Much weaker is} 8... fxe6 9. Qxd4 (9. Bxd4 Nc6 $14) 9... Qxd4 10. Nxd4 $16 (10. Bxd4 Nc6 $16)) 9. Nbd2 {[#] exf7+ is the strong threat.} Bxe6 {Threatens to win with ...dxe3.} 10. Bxd4 (10. exd4 {keeps more tension.} Ne4 11. a3 Nxd2 12. Nxd2 Bxd2+ 13. Qxd2 Bd5 14. f3) 10... Nc6 11. a3 Nxd4 12. axb4 Nxb3 {The position is equal.} 13. Nxb3 {Strongly threatening Nbd4.} Qxd1+ 14. Rxd1 Bxb3 15. Rb1 Bd5 16. Bd3 Rfd8 17. Ke2 Ne4 {White must now prevent ...Nc3+.} (17... g6 {seems wilder.} 18. Rhc1 Kg7 19. Ra1 a6 20. Rc7 Rdc8) 18. Rhc1 Nxf2 19. Kxf2 {aiming for Nd4.} Bxf3 $1 {[#]} 20. Bxh7+ $1 {[%mdl 512]} Kxh7 21. Kxf3 $11 {[%mdl 4096] Endgame KRR-KRR} Rac8 22. Rc5 Rxc5 23. bxc5 {KR-KR} Rd7 24. Ra1 a6 25. c6 bxc6 26. Rxa6 Rc7 27. Ra4 c5 28. Rc4 Kg6 29. Ke4 Re7+ 30. Kf4 Rc7 31. Ke5 Re7+ 32. Kf4 Rc7 33. Ke4 {Precision: White = 58%, Black = 90%.} 1/2-1/2

[Event "XX Sants Open 2018"]
[Site "Cotxeres de Sants"]
[Date "2018.08.26"]
[Round "14"]
[White "Peralta, Fernando"]
[Black "Demchenko, Anton"]
[Result "0-1"]
[WhiteElo "2556"]
[BlackElo "2670"]
[Annotator "TA"]
[PlyCount "96"]
[EventDate "2018.08.17"]
[EventType "swiss"]
[EventCountry "ESP"]
[SourceTitle "playchess.com"]
[Source "ChessBase"]
[SourceQuality "1"]

{[%evp 28,96,26,19,34,43,50,9,5,16,16,29,50,0,0,0,0,-93,-36,-39,-32,-36,-37,-99,0,-78,-39,-86,-72,-333,-322,-329,-325,-502,-310,-533,-520,-541,-529,-811,-791,-768,-761,-713,-371,-576,-565,-534,-468,-570,-589,-621,-609,-600,-627,-617,-611,-699,-686,-1010,-978,-2260,-2119,-29980,-29981,-29981,-29982,-29987,-29988,-29989,-29990]} 1. d4 Nf6 2. c4 g6 3. Nc3 Bg7 4. e4 d6 5. Nf3 O-O 6. h3 Nbd7 7. Be3 e5 8. d5 a5 9. g4 Nc5 10. Nd2 c6 11. Be2 a4 {E92: King's Indian: Classical: 6 Be2 e5: 7 dxe5, 7 Be3 and Petrosian System without 7...Nbd7} 12. g5 (12. Qc2 Bd7 13. a3 cxd5 14. exd5 Rc8 15. f3 e4 16. fxe4 Qe7 17. O-O h5 18. g5 Nh7 19. h4 f6 20. Nf3 {½-½ (68) Anton Guijarro,D (2666)-Demchenko,A (2660) Riadh 2017}) 12... Ne8 13. h4 Bd7 14. a3 cxd5 15. cxd5 {LiveBook: 6 Games} Nc7 16. h5 b5 17. Na2 $146 ({Predecessor:} 17. Kf1 Rb8 18. Kg2 b4 19. axb4 Rxb4 {½-½ (37) Teplyi,I (2431)-Hillarp Persson,T (2513) Denmark 2017}) 17... N7a6 18. Kf1 Rb8 19. Rc1 b4 20. axb4 Nxb4 21. Nxb4 Rxb4 22. Qc2 (22. Rxc5 $11 dxc5 23. Bxc5 Rxb2 24. Nc4) 22... Rd4 (22... Nb3 $17 23. Nxb3 Rxb3) 23. f3 f5 {Strongly threatening ...fxe4.} 24. gxf6 $1 Qxf6 25. hxg6 (25. Kg1 $15) 25... hxg6 (25... Qxg6 $17 {Threatens to win with ...Rxd2.} 26. Ke1 (26. Bxd4 exd4 27. Rg1 Qh6 $19) 26... Qg3+ 27. Bf2 Qf4) 26. Kf2 (26. Bxd4 exd4 27. Re1 Qf4 $19) (26. Kg1 $11 {remains equal.}) 26... g5 {[%cal Bg6g5,Bg5g4][%mdl 32]} 27. Rcg1 {[#]} g4 $1 28. Bxd4 $4 {[%mdl 8192]} (28. Rh5 $17 Qg6 29. Rh2) 28... exd4 $19 {[%cal Be5d4,Bd4d3][%mdl 32]} 29. e5 Qxe5 30. Qh7+ Kf7 31. Qh5+ $2 (31. Nc4 {was forced.} Qf6 32. Qh5+ Ke7 33. Rxg4 Bxg4 34. Qxg4) 31... Qxh5 32. Rxh5 d3 33. Bd1 {White hopes to continue with Rh7.} Bd4+ 34. Kg2 Bxg1 35. Kxg1 gxf3 36. Bxf3 (36. Rh2 {was called for.}) 36... Rb8 37. Nc4 Rb4 38. Rh4 Kg7 39. Kf2 {and the idea Ke3 leaves White hopeful.} Bb5 40. Nxd6 Rxb2+ ({And not} 40... Rxh4 41. Nf5+ Kf6 42. Nxh4 $11) 41. Ke3 {[#]} a3 $1 {[%cal Ra3a2]} 42. Rg4+ Kf8 {aiming for ...a2.} 43. Rf4+ Ke7 44. Nf5+ Kd8 45. Nd4 a2 {Black mates.} 46. Rf8+ Be8 47. Bh5 a1=Q 48. Rxe8+ Kd7 {Precision: White = 32%, Black = 60%.} 0-1

[Event "XX Sants Open 2018"]
[Site "Cotxeres de Sants"]
[Date "2018.08.26"]
[Round "15"]
[White "Nisipeanu, Liviu-Dieter"]
[Black "Illescas Cordoba, Miguel"]
[Result "1-0"]
[WhiteElo "2657"]
[BlackElo "2605"]
[Annotator "TA"]
[PlyCount "43"]
[EventDate "2018.08.17"]
[EventType "swiss"]
[EventCountry "ESP"]
[SourceTitle "playchess.com"]
[Source "ChessBase"]
[SourceQuality "1"]

{[%evp 15,43,21,20,26,47,44,34,35,44,35,110,107,105,106,120,125,109,114,145,155,517,498,504,499,547,547,547,547,542,428]} 1. d4 Nf6 2. Nc3 d5 3. Bf4 a6 4. e3 e6 5. Nf3 (5. Qf3 c5 6. O-O-O Nc6 7. Nge2 cxd4 8. Nxd4 Bb4 9. Nxc6 bxc6 10. Be5 Bd6 11. Bxd6 Qxd6 {½-½ (30) Jobava,B (2690)-Berkes,F (2662) Villorba 2018}) 5... Be7 6. Bd3 {D00: 1 d4 d5: Unusual lines} c5 7. dxc5 Bxc5 8. O-O Nc6 {LiveBook: 3 Games} 9. e4 dxe4 10. Nxe4 Nxe4 $146 ({Predecessor:} 10... Be7 11. Qe2 Nd5 12. Bd2 Ndb4 13. Bc3 Nxd3 14. Rad1 O-O 15. Rxd3 Qc7 16. Nfg5 h6 17. Qh5 e5 18. f4 Bf5 19. fxe5 Bg6 20. Qg4 {0-1 (20) Chachua,G-Jirkvalishvili,O (2201) Tbilisi 2001}) 11. Bxe4 Qxd1 12. Raxd1 Bd7 ({Better is} 12... f6 $14) 13. Ne5 $16 Nxe5 14. Bxe5 f6 15. Bd6 $36 {[%mdl 2048] Black is under strong pressure.} Bxd6 16. Rxd6 Rc8 17. Bxb7 Rxc2 $2 {[#]} (17... Rc7 $16) 18. Rfd1 $18 {White is clearly winning.} Ba4 19. b3 O-O 20. bxa4 Rxa2 21. Rxe6 {[#] aiming for Bd5.} Rxa4 22. Rxa6 1-0

[Event "XX Sants Open 2018"]
[Site "Cotxeres de Sants"]
[Date "2018.08.26"]
[Round "15"]
[White "Peralta, Fernando"]
[Black "Demchenko, Anton"]
[Result "1/2-1/2"]
[WhiteElo "2556"]
[BlackElo "2670"]
[Annotator "TA"]
[PlyCount "120"]
[EventDate "2018.08.17"]
[EventType "swiss"]
[EventCountry "ESP"]
[SourceTitle "playchess.com"]
[Source "ChessBase"]
[SourceQuality "1"]

{[%evp 22,120,67,75,70,60,58,43,35,41,39,37,51,49,41,43,43,46,49,22,12,0,22,-32,0,-92,-77,-211,-193,-188,-62,-48,-27,-26,-26,-38,-16,-79,0,0,79,73,733,723,630,0,795,781,1107,1057,1483,1493,29956,29957,12796,6045,6141,6141,29980,29981,29981,29982,29982,29983,29981,29981,29983,29984,29984,29985,29985,29986,29987,29988,29991,29989,29996,29990,29996,29991,29991,29992,29992,29991,29991,29992,29992,29992,29992,29992,29992,29993,29993,29994,29994,29995,29995,29996,29996,29997,29997]} 1. d4 Nf6 2. c4 g6 3. Nc3 Bg7 4. e4 d6 5. Be2 O-O 6. Be3 e5 7. d5 Na6 8. g4 {E73: Königsindisch (Awerbach-Angriff)} Nc5 9. f3 h5 10. g5 Nh7 11. h4 f6 12. gxf6 {LiveBook: 6 Partien} ({Viel schlechter ist} 12. b4 Na6 $15) 12... Bxf6 13. Bf2 $1 Be7 {[#]} 14. Qd2 $146 ({Vorgänger:} 14. Kd2 Rf4 15. Qe1 a5 {½-½ (30) L'Ami,E (2634)-Amin,B (2693) Wijk aan Zee 2018}) 14... Rf4 {[%cal Re7h4]} 15. O-O-O Bxh4 16. Be3 $1 Bf6 17. Bxf4 exf4 18. Nh3 Bxh3 $1 19. Rxh3 Be5 20. Rg1 Kf7 21. Rh2 Qf6 22. Rhg2 (22. Kb1 $11) 22... Nf8 (22... Bxc3 $5 23. bxc3 (23. Qxc3 Qxc3+ 24. bxc3 Rg8 $11) 23... g5 $14) 23. Nb5 (23. Kb1 $11) 23... c6 $1 $17 {[%cal Rc6b5]} 24. dxc6 (24. Nc7 $17 {kämpft weiter.} Bd4 25. Kc2) 24... bxc6 $19 25. Rd1 Ke7 (25... Rb8 $19 {Weiss muss nun ...Sfe6 beachten.} 26. b4 Nxe4 27. fxe4 cxb5) 26. Nd4 $15 Bxd4 (26... Rc8 {keeps more tension.} 27. Kb1 Bxd4 28. Qxd4 Qxd4 29. Rxd4 Ncd7) 27. Qxd4 Qxd4 28. Rxd4 a5 29. Rd1 (29. Rg1 $11) 29... Rd8 (29... Ncd7 $1 $17) 30. Bf1 Kf6 {[#]} (30... Nce6 $11 {bleibt in der Remisbreite.}) 31. e5+ $1 $16 Kxe5 $2 {[%mdl 8192]} (31... Ke7 $16) 32. Rg5+ $18 Ke6 {[#]} 33. Bh3+ $2 ({Weiss braucht} 33. Rxc5 $1 $18 {[%mdl 512]} dxc5 34. Rxd8) 33... Kf6 $2 {[%mdl 8192] [#]} (33... Ke7 $11) 34. Rxc5 $1 {[%mdl 512]} g5 (34... dxc5 35. Rxd8) 35. Rxc6 Ke7 36. c5 d5 37. Re1+ Kf7 38. Rc8 Rxc8 39. Bxc8 Ng6 40. c6 {Weiß setzt Matt.} Ne7 41. Bd7 Nxc6 42. Bxc6 Kf6 43. Bd7 d4 44. Kd2 g4 45. fxg4 h4 46. Kd3 Kg5 47. Kxd4 h3 48. Ke4 Kh4 49. Kf3 h2 50. Rh1 Kg5 51. Rxh2 Kf6 52. Rh5 Ke7 53. Ba4 Kd6 54. Rxa5 Kc7 55. Rf5 Kd6 56. Kxf4 Ke6 57. g5 Kd6 58. g6 Kc7 59. g7 Kd6 60. g8=Q Kc7 {[%mdl 32768] Precision: Weiß = 41%, Schwarz = 32%. . An unexpected result.} 1/2-1/2

[Event "XX Sants Open 2018"]
[Site "Cotxeres de Sants"]
[Date "2018.08.26"]
[Round "16"]
[White "Nisipeanu, Liviu-Dieter"]
[Black "Moussard, Jules"]
[Result "1-0"]
[WhiteElo "2657"]
[BlackElo "2566"]
[Annotator "TA"]
[PlyCount "57"]
[EventDate "2018.08.17"]
[EventType "swiss"]
[EventCountry "ESP"]
[SourceTitle "playchess.com"]
[Source "ChessBase"]
[SourceQuality "1"]

{[%evp 17,57,47,45,32,34,30,40,32,43,38,53,5,65,57,76,83,127,125,118,45,121,118,179,169,293,295,281,273,339,314,362,354,679,609,966,929,974,958,1018,938,1241,1220]} 1. e4 d6 2. d4 Nf6 3. Nc3 g6 4. Nf3 Bg7 5. Be2 O-O 6. O-O a6 7. a4 Nc6 8. d5 Ne5 9. Nxe5 dxe5 {LiveBook: 6 Games} 10. a5 $146 {B08: Pirc Defence: Classical System} ({Predecessor:} 10. Bc4 Bd7 11. Qe2 Ne8 12. a5 Nd6 13. Bb3 f5 14. exf5 gxf5 15. f4 e4 16. Be3 Kh8 17. Qd2 Rg8 {0-1 (35) Gutenev,A (2474)-Zvjaginsev,V (2643) Cheliabinsk 2017}) 10... e6 11. Bg5 h6 12. Be3 {White is slightly better.} exd5 13. exd5 Ne8 14. Ne4 Nd6 (14... f5 $11 15. Nd2 Nd6) 15. Nxd6 $14 cxd6 16. c4 e4 17. Qd2 g5 18. Rac1 (18. h4 $16) 18... Bf5 ({Black should try} 18... f5 $14) 19. b4 $16 {[%cal Bb2b4,Bb4c5][%mdl 32]} Bg6 (19... Be5 $16) 20. c5 $18 dxc5 (20... f5 $142) 21. bxc5 ({Not} 21. Rxc5 Be5 $16) (21. Bxc5 Re8 $16) 21... f5 22. d6 Kh7 23. Bd4 Bxd4 24. Qxd4 Qxa5 $2 {[#]} (24... Be8 25. f3 e3) 25. Rb1 {White is clearly winning.} Rf7 26. Bc4 Rg7 27. Bd5 Rb8 28. Rb6 f4 29. Ra1 {Precision: White = 61%, Black = 21%.} 1-0

[Event "XX Sants Open 2018"]
[Site "Cotxeres de Sants"]
[Date "2018.08.26"]
[Round "16"]
[White "Anurag, Mhamal"]
[Black "Illescas Cordoba, Miguel"]
[Result "0-1"]
[WhiteElo "2484"]
[BlackElo "2605"]
[Annotator "TA"]
[PlyCount "118"]
[EventDate "2018.08.17"]
[EventType "swiss"]
[EventCountry "ESP"]
[SourceTitle "playchess.com"]
[Source "ChessBase"]
[SourceQuality "1"]

{[%evp 23,118,5,9,14,13,0,0,-10,6,0,0,0,0,0,0,0,0,0,18,0,0,0,0,-8,-11,-11,0,-70,-56,-43,-33,-116,0,-169,0,-44,-44,-44,-51,-113,-128,-269,-273,-272,-259,-250,-247,-361,-355,-447,-298,-292,-241,-318,-327,-400,-381,-1863,-1843,-1752,-1737,-1419,-1345,-1878,-1760,-1460,-1440,-1626,-1568,-1127,-505,-481,-396,-456,-461,-546,-529,-1114,-754,-681,-687,-1939,-1554,-1972,-1969,-5381,-5231,-3278,-3279,-29985,-29986,-29987,-29988,-29989,-29987,-29987,-29988]} 1. g3 d5 2. Nf3 Nf6 3. Bg2 g6 4. c4 c6 5. O-O Bg7 6. cxd5 cxd5 7. d4 O-O 8. Ne5 e6 9. Nc3 Bd7 10. Bf4 Nc6 11. Qd2 Nxe5 {D79: Fianchetto Grünfeld: Symmetrical Variation (6 0-0 c6 7 cxd5 cxd5)} (11... Nh5 12. Nxc6 Bxc6 13. Bh6 Bxh6 14. Qxh6 Qb6 15. Qd2 Rfc8 16. Rfc1 Ng7 17. Rc2 Nf5 18. e3 Nd6 19. b3 {½-½ (84) Khismatullin,D (2628)-Artemiev,V (2696) Sochi 2017}) 12. Bxe5 Bc6 {LiveBook: 9 Games} 13. Rfc1 Rc8 {[#] The position is equal.} 14. e3 $146 ({Predecessor:} 14. Rc2 Ne8 15. Bxg7 Kxg7 16. Rac1 Nd6 17. Qf4 Qd7 18. b3 Nf5 19. Bh3 f6 20. Bxf5 exf5 21. Nb5 Ra8 22. h4 Rfd8 23. a4 a5 24. Nc7 Rac8 25. Nb5 Ra8 {½-½ (25) Sturua,Z (2545)-Ernst,T (2535) Debrecen 1992}) 14... Bh6 15. b4 {[%cal Bb2b4,Bb4b5][%mdl 32]} Ne8 {[%cal Bf6e8,Be8d6,Bd6c4,Bc4e3][%mdl 32] [#] aiming for ...f6.} 16. b5 Bd7 17. g4 Qe7 18. h3 f6 19. Bg3 Nd6 20. a4 Nc4 21. Qa2 {Hoping for Nxd5.} Nxe3 $1 22. fxe3 Bxe3+ 23. Kh2 {And now Nxd5! would win.} Bxc1 24. Rxc1 Qb4 25. Ne2 (25. Qd2 $11) 25... Rxc1 $15 26. Nxc1 Qxd4 27. Nb3 (27. Qa3 $15) 27... Qc4 (27... Qb4 $17 28. Nc1 b6) 28. Qb2 $2 (28. Qa3 $11 {and White has nothing to worry.}) 28... e5 $2 (28... Qxa4 $19 {Threatens to win with ...Qb4.} 29. Nc5 Qxb5 30. Qxb5 Bxb5 31. Nxe6 Rc8) 29. Na5 (29. g5 $5) 29... Qxa4 30. Bxd5+ Kg7 31. Nxb7 ({Better is} 31. g5 $1 $15 Qxa5 32. gxf6+ Rxf6 33. Bxe5) 31... Qxb5 $17 32. Qa2 (32. Qg2 $17) 32... Bc6 $19 33. Bxc6 Qxc6 34. Na5 Qa6 35. Qd5 (35. h4 $142) 35... Qe2+ 36. Kg1 Rf7 37. g5 Qe3+ ({Not} 37... fxg5 38. Bxe5+ Kh6 39. Qxf7 $11) 38. Kh2 Qxg5 39. Nb7 {[#] intending Nd8.} e4 $1 40. Qxe4 $2 (40. Qxg5 fxg5 41. Nd6) 40... Qd2+ 41. Kg1 Qc1+ ({Weaker is} 41... Qb2 42. Nd6 $17) 42. Be1 Qc7 43. Na5 Re7 44. Qb4 Qb6+ 45. Kg2 Re2+ 46. Kf1 Qxb4 (46... Qe3 $142 {( -> ...Qf3+)} 47. Qc3 Qe4 48. Qc7+ Kh6) 47. Bxb4 Ra2 48. Kg1 g5 {[%cal Bg6g5,Bg5g4][%mdl 32]} 49. Be1 Kg6 50. Kh1 h5 51. Kg1 g4 52. h4 f5 {[%cal Bf6f5,Bf5f4][%mdl 32]} 53. Nc4 f4 54. Nd6 a5 {[%cal Ba7a5,Ba5a4,Ba4a3,Ba3a2][%mdl 32]} 55. Nc4 a4 56. Nb6 a3 {Black mates.} 57. Nd5 Kf5 58. Bb4 Ra1+ 59. Kg2 a2 {Precision: White = 25%, Black = 70%.} 0-1

[Event "XX Sants Open 2018"]
[Site "Cotxeres de Sants"]
[Date "2018.08.26"]
[Round "17"]
[White "Illescas Cordoba, Miguel"]
[Black "Anurag, Mhamal"]
[Result "1-0"]
[WhiteElo "2605"]
[BlackElo "2484"]
[Annotator "TA"]
[PlyCount "95"]
[EventDate "2018.08.17"]
[EventType "swiss"]
[EventCountry "ESP"]
[SourceTitle "playchess.com"]
[Source "ChessBase"]
[SourceQuality "1"]

{[%evp 13,94,32,68,47,68,40,45,24,28,24,20,30,34,20,37,33,44,0,41,9,20,-16,-22,-46,-39,-63,-48,-123,-30,-96,-89,-88,-95,-87,-98,-100,-80,-103,-102,-113,-114,-125,-118,-151,-155,-183,-169,-185,-160,-163,-146,-173,-166,-170,-148,-163,-166,-266,226,226,226,226,226,226,229,226,226,226,227,223,255,254,404,393,613,606,596,433,458,0,451,434,29999]} 1. Nf3 b6 2. g3 Bb7 3. Bg2 g6 4. O-O Bg7 5. c4 e6 6. Nc3 Ne7 7. d4 {[%cal Bd2d4,Bd4d5][%mdl 32]} d6 {LiveBook: 15 Games. A04: Unusual lines after 1 Nf3 and King's Indian Attack} 8. d5 $146 {Threatens to win with dxe6.} ({Predecessor:} 8. e4 O-O 9. Be3 h6 10. Qd2 Kh7 11. h4 Nd7 12. Nh2 {1-0 (38) Grachev,B (2672)-Golovin,L (2475) St Petersburg 2012}) 8... e5 9. b4 a5 {White is slightly better.} 10. bxa5 Rxa5 11. Nd2 Nd7 {[%cal Bb8d7,Bd7b6,Bb6c4][%mdl 32]} 12. Nb3 Ra8 13. a4 Ba6 14. Nb5 O-O 15. a5 bxa5 16. Nxa5 Nb6 17. Bg5 f6 18. Be3 {[#]} Nxc4 $1 {[%mdl 512]} 19. Nxc4 {Hoping for Ra5.} Bxb5 20. Na5 ({Better is} 20. Qb3 $15 Bd7 21. Rfb1) 20... Nf5 (20... f5 $17 {White must now prevent ...e4.} 21. Bg5 e4) 21. Qd2 (21. Bd2 $11) 21... Nxe3 $17 22. Qxe3 f5 23. Rfb1 e4 $36 {[%mdl 2048] Black is really pushing.} 24. Ra3 {[%cal Ba1a3,Ba3b3,Bb3b7,Bb7c7][%mdl 32]} Bd7 25. Nc6 Qf6 26. Rab3 Bxc6 27. dxc6 Ra6 28. Qc1 d5 29. e3 Rxc6 30. Qd1 Rd6 31. Rb7 c6 32. Rc7 Rf7 $1 {[%cal Rf7c7]} 33. Rb8+ {[#]} Bf8 $1 34. Rcc8 Kg7 35. Bf1 {[#]} (35. Qc2 {was called for.}) 35... Rfd7 $4 {[%mdl 8192]} (35... d4 $1 $19 {[%cal Rd4e3] and life is good for Black.} 36. exd4 f4) 36. Rxf8 $18 Qxf8 37. Rxf8 Kxf8 38. Qd4 Kg8 39. Qc5 Kf7 40. Be2 Kg8 41. h4 {[%cal Bh2h4,Bh4h5][%mdl 32]} Kf7 42. h5 Kf6 (42... Re6 $142 43. Bd1 Kg7) 43. Qd4+ Kf7 (43... Ke6 $142 44. Qh8 Rf7) 44. Qh8 Ke6 45. Qg8+ Kf6 46. Qh8+ $2 (46. hxg6 $18 hxg6 47. Qf8+ Ke5 48. Ba6) 46... Kg5 $2 {[%mdl 8192]} (46... Ke6 $1 $11 {and Black is okay.} 47. Ba6 Rd8 48. Bc8+ Rxc8 49. Qxc8+ Ke7 50. Qc7+ Ke6) 47. hxg6 hxg6 (47... Kxg6 $18 48. Kf1 Kg5) 48. Qh4# {Precision: White = 38%, Black = 37%.} 1-0

[Event "XX Sants Open 2018"]
[Site "Cotxeres de Sants"]
[Date "2018.08.26"]
[Round "17"]
[White "Moussard, Jules"]
[Black "Nisipeanu, Liviu-Dieter"]
[Result "1/2-1/2"]
[WhiteElo "2566"]
[BlackElo "2657"]
[Annotator "TA"]
[PlyCount "100"]
[EventDate "2018.08.17"]
[EventType "swiss"]
[EventCountry "ESP"]
[SourceTitle "playchess.com"]
[Source "ChessBase"]
[SourceQuality "1"]

{[%evp 9,99,4,8,-6,-16,-11,0,0,0,-21,-2,0,0,0,39,2,18,-27,24,0,9,9,16,10,11,14,18,11,2,-45,0,-75,-83,-172,-96,-100,-81,-95,-84,-180,-108,-102,-83,-119,-108,-154,-145,-217,-220,-225,-215,-283,-290,-282,-283,-272,-158,-372,-193,-209,-189,-181,-150,-182,-163,-244,-267,-258,-227,-901,-901,-1027,-1004,-1404,-1333,-1190,-1042,-988,-994,-2056,-808,-29991,-29989,-29989,-29987,-4810,0,0,0,0,0,0]} 1. Nf3 d5 2. b3 Bg4 3. e3 e6 (3... Nd7 4. Bb2 Ngf6 5. h3 Bh5 6. g4 Bg6 7. Nh4 e5 8. d3 c6 9. Nd2 Bd6 10. Bg2 O-O 11. Qe2 a5 12. a3 Re8 13. Nxg6 hxg6 {1-0 (49) Grischuk,A (2766)-Caruana,F (2822) Saint Louis 2018}) 4. Bb2 Nd7 5. h3 Bh5 {LiveBook: 28 Games} 6. g4 {A06: Réti Opening:1 Nf3 d5} Bg6 7. d3 h5 $146 {...hxg4 is the strong threat.} ({Predecessor:} 7... f6 8. Nbd2 Bd6 9. Qe2 Qe7 10. O-O-O e5 11. Nh4 Ba3 12. Nxg6 hxg6 {½-½ (47) Schmidt,F-Kallai,G (2455) Wiesbaden 1992}) 8. g5 h4 9. Rg1 Ne7 10. Nbd2 Bh5 11. Be2 Ng6 12. c4 c6 13. Qc2 a5 (13... e5 $142) 14. Nd4 Bxe2 15. Nxe2 a4 16. bxa4 Nc5 17. Bd4 Nxa4 18. cxd5 Qxd5 19. Qb3 b5 {Strongly threatening ...e5.} 20. Rc1 (20. Qxd5 $11 exd5 21. Nf4) 20... e5 $17 21. e4 (21. Qxd5 $17 {was worth a try.} cxd5 22. Ba1) 21... Qd7 ({Black should try} 21... Qxb3 $19 22. axb3 exd4 23. bxa4 Ne5) 22. Be3 c5 23. Rb1 b4 24. Nc4 (24. Rg4 $17) 24... Be7 (24... Qxh3 $19 25. a3 Qd7) 25. Rg4 O-O 26. Rd1 Qe6 27. Kf1 Rfd8 28. Kg2 (28. Ke1 $17) 28... Nb6 $19 29. Nxb6 Qxb6 30. Nc3 {Now Nd5 and White clings on.} Ra3 {[%cal Ba8a3,Ba3b3,Bb3b2][%mdl 32]} 31. Nd5 Rxb3 32. Nxb6 Rb2 ({Resist} 32... Rbxd3 33. Rc1 $19) (32... Rdxd3 $19 33. axb3 Rxd1) 33. Rc1 $2 (33. Kf3 $17) 33... Rxa2 (33... Rxd3 $142 34. Nd5 Rxa2 35. Nxe7+ Nxe7 36. Bxc5 Ng6 37. Bxb4 Nf4+ 38. Kf1 Rxh3) 34. Nd5 Bd6 $36 {[%mdl 2048] Black is on the roll.} 35. Kf3 b3 {[%cal Bb4b3,Bb3b2][%mdl 32]} 36. Rgg1 Rb8 37. Bxc5 (37. Rb1 $142) 37... Bxc5 38. Rxc5 b2 {[#] Threatens to win with ...Ra1.} 39. Rb1 $2 (39. Rc2) 39... Ra1 40. Nc3 Rb3 41. Rc8+ Kh7 42. Rd8 Rxc3 43. Rxb2 Nf4 44. Kg4 Rxd3 (44... Rg1+ $142 45. Kf5 Ne6 46. Kxe5 Rxg5+ 47. Kd6 Rxd3+ 48. Ke7 Nxd8) 45. Rc8 g6 46. f3 Rg1+ 47. Kxh4 Rxf3 $2 {[#]} (47... Ng2+ $19 48. Rxg2 Rxg2) 48. Rh8+ $3 $11 {[%mdl 512] The position is equal.} Kxh8 {[%csl Gf4][%cal Rf3h3]} 49. Rb8+ $1 Kg7 {[%csl Gf4][%cal Rf3h3]} 50. Rg8+ $1 Kxg8 $4 {[%mdl 8192] Precision: White = 38%, Black = 43%.} (50... Kh7 51. Rh8+ Kxh8) 1/2-1/2